Nové výzvy v oblasti verejných financií 2021 zborník vedeckých statí

Salvato in:
Dettagli Bibliografici
Enti autori: Ekonomická univerzita v Bratislave, Ekonomická univerzita v Bratislave. Národohospodárska fakulta, Národohospodárska fakulta EU. Katedra financií
Altri autori: Kušnírová, Jana, 1977-, Belanová, Katarína, 1978-, al Absi, Marwan, Roková, Elena, Boór, Matej, 1988-
Natura: Libro
Lingua:slovacco
Pubblicazione: Bratislava Vydavateľstvo EKONÓM 2021
Edizione:1. vydanie
Soggetti:
Tags: Aggiungi Tag
Nessun Tag, puoi essere il primo ad aggiungerne!!

MARC

LEADER 00000nlm a2200000 4500
001 0278993
005 20240502074330.2
020 |a 978-80-225-4811-3 
041 0 |a slo 
044 |a SK 
245 1 0 |a Nové výzvy v oblasti verejných financií 2021  |b zborník vedeckých statí  |c zostavovateľ zborníka: Jana Kušnírová ; recenzenti: Katarína Belanová, Marwan al Absi, Elena Roková, Matej Boor 
250 |a 1. vydanie 
264 1 |a Bratislava  |b Vydavateľstvo EKONÓM  |c 2021 
300 |a CD-ROM [70 s.] [3 AH] 
610 2 0 |a financie verejné 
610 2 0 |a dane 
610 2 0 |a poistenie 
610 2 0 |a únik daňový 
610 2 0 |a komunikácia elektronická 
610 2 0 |a inteligencia umelá 
610 2 0 |a služby verejné 
610 2 0 |a zdaňovanie 
610 2 0 |a obchod elektronický 
610 2 0 |a pandémia 
610 2 0 |a rozvoj regionálny 
610 2 0 |a sadzby daňové 
610 2 0 |a hodnota pridaná 
610 2 0 |a Slovensko 
610 2 0 |a Európa 
700 1 |a Kušnírová, Jana, 1977- 
700 1 |a Belanová, Katarína, 1978- 
700 1 |a al Absi, Marwan 
700 1 |a Roková, Elena 
700 1 |a Boór, Matej, 1988- 
710 2 |a Ekonomická univerzita v Bratislave 
710 2 |a Ekonomická univerzita v Bratislave. Národohospodárska fakulta 
710 2 |a Národohospodárska fakulta EU. Katedra financií